Simón Bolivar
Сохранить в:
| Главный автор: | |
|---|---|
| Формат: | |
| Язык: | испанский |
| Опубликовано: |
Toray.
1963.
|
| Предметы: | |
| Метки: |
Добавить метку
Нет меток, Требуется 1-ая метка записи!
|
MARC
| LEADER | 00000nam a22000005a 4500 | ||
|---|---|---|---|
| 001 | 8026 | ||
| 003 | CL-ChBUA | ||
| 005 | 20120815103050.0 | ||
| 008 | 070301s1963 sp 000 0 spa | ||
| 040 | |a CL-ChBUA |c CL-ChBUA | ||
| 082 | 0 | 0 | |a 923.2 |
| 090 | |c 8026 |d 8026 | ||
| 100 | 1 | |a Ballester Escalas, Rafael. | |
| 245 | 1 | 0 | |a Simón Bolivar |
| 260 | |b Toray. |c 1963. | ||
| 300 | |a 216 p. |c 19 cm. | ||
| 650 | 4 | |a BOLIVAR, SIMON - BIOGRAFIA. | |
| 942 | |c LIB | ||
| 952 | |0 0 |1 0 |4 0 |7 0 |9 11925 |a UNACH |b UNACH |c 900 |d 2007-03-05 |i 8.457. |l 0 |o 923.2 / B 191. |p 12924 |r 2026-03-24 21:31:00 |u 11925 |w 2012-08-08 |y LIB |k 923.2 / B 191. | ||
| 999 | |c 8026 |d 8026 | ||